000 01129naa a22003137a 4500
001 BR9101613
003 BR-BrBNA
005 20240918180647.0
007 ta
008 230509b bl.||||| |||| 00| 0 por d
040 _aBR-BrBNA
_bpor
_cBiblioteca Nacional de Agricultura
041 _a(Pt)
072 _aL53
_b6100
090 _aL53 BR9101613
100 1 _aCampos, E.J.
111 1 _a8. Congresso Brasileiro de Reproducao Animal
_cBelo Horizonte, MG (Brazil)
_d10-14 Jul 1989
245 1 _aEfeitos de estimulos de luz sobre o desempenho de reprodutoras e poedeiras
260 3 _aBelo Horizonte, MG (Brasil):
_c1989.
500 _a8. Congresso Brasileiro de Reproducao Animal. Palestras Belo Horizonte, MG (Brasil): 1989. p. 291-304 (BR9101613-AM)L53
650 _aGALINHA PARA POSTURA
650 _aOVULACAO
650 _aFOTOPERIODISMO
650 _aSELECAO GENETICA
650 _aOVO
650 _aPRODUCAO
773 0 _t8. Congresso Brasileiro de Reproducao Animal. Palestras
_wL53 BR9101613
_gBelo Horizonte, MG (Brasil), 1989. p. 291-304
909 _a202404
_bLucia
_c55
_dLucia Elande
942 _cAM
_2AGRIS
999 _c321568
_d321568